All Dead Meat Kill Counts Up To The Quarry - Statistics

General Stats
  • This quiz has been taken 146 times
    12 since last reset
  • The average score is 118 of 500
Answer Stats
Release Year Piece of Media % Correct
1980 Friday the 13th
100%
1990 It (Miniseries) [Part 1]
100%
1990 It (Miniseries) [Part 2]
100%
2017 It (Remake) [Part 1]
100%
2017 It (Remake) [Part 2]
100%
2012 V/H/S
100%
2013 V/H/S/2
100%
2023 V/H/S/85
100%
2021 V/H/S/94
100%
2022 V/H/S/99
100%
2024 V/H/S/Beyond
100%
2014 V/H/S: Viral
100%
1988 Child’s Play
80%
1988 Child’s Play [Recount]
80%
2009 Friday the 13th (Reboot)
80%
2009 Friday the 13th (Reboot) [Recount]
80%
1980 Friday the 13th [Recount]
80%
1978 Halloween
80%
2007 Halloween [Remake]
80%
2018 Halloween [Sequel]
80%
1996 Scream
80%
1997 Scream 2
80%
1997 Scream 2 [Recount]
80%
2001 Scream 3
80%
2001 Scream 3 [Recount]
80%
2011 Scream 4
80%
2011 Scream 4 [Recount]
80%
1996 Scream [Recount]
80%
2022 Scream [Requel]
80%
1979 Alien
60%
1992 Alien3
60%
2017 Alien: Covenant
60%
1984 A Nightmare on Elm Street
60%
1985 A Nightmare on Elm Street 2: Freddy’s Revenge
60%
1987 A Nightmare on Elm Street 3: Dream Warriors
60%
1988 A Nightmare on Elm Street 4: The Dream Master
60%
1989 A Nightmare on Elm Street 5: The Dream Child
60%
2010 A Nightmare on Elm Street (Remake)
60%
1991 Child’s Play 3
60%
1991 Child’s Play 3 [Recount]
60%
2003 Freddy vs. Jason [Friday Edition]
60%
2003 Freddy vs. Jason [Nightmare Edition]
60%
2003 Freddy vs. Jason [Recount]
60%
1981 Friday the 13th: Part 2
60%
1981 Friday the 13th: Part 2 [Recount]
60%
1985 Friday the 13th Part 5: A New Beginning
60%
1985 Friday the 13th Part 5: A New Beginning [Recount]
60%
1982 Friday the 13th Part III: 3D
60%
1982 Friday the 13th Part III: 3D [Recount]
60%
1989 Friday the 13th Part VIII: Jason Takes Manhattan
60%
1989 Friday the 13th Part VIII: Jason Takes Manhattan [Recount]
60%
1988 Friday the 13th Part VII: The New Blood
60%
1988 Friday the 13th Part VII: The New Blood [Recount]
60%
1986 Friday the 13th Part VI: Jason Lives
60%
1986 Friday the 13th Part VI: Jason Lives [Recount]
60%
1984 Friday the 13th: The Final Chapter
60%
1984 Friday the 13th: The Final Chapter [Recount]
60%
1988 Halloween 4: The Return of Michael Myers
60%
1989 Halloween 5: The Revenge of Michael Myers
60%
2022 Halloween Ends
60%
1998 Halloween H20: 20 Years Later
60%
1981 Halloween II
60%
1982 Halloween III: Season of the Witch
60%
2009 Halloween II [Remake Sequel]
60%
2021 Halloween Kills
60%
2019 It: Chapter Two
60%
1993 Jason Goes To Hell: The Final Friday
60%
1993 Jason Goes to Hell: The Final Friday [Recount]
60%
2001 Jason X
60%
2001 Jason X [Recount]
60%
2017 Jigsaw
60%
2019 Ma
60%
1968 Night of the Living Dead
60%
1968 Night of the Living Dead [Recount]
60%
1987 Predator
60%
2007 [•REC]
60%
2004 Saw
60%
2010 Saw 3D: The Final Chapter
60%
2005 Saw II
60%
2006 Saw III
60%
2007 Saw IV
60%
2008 Saw V
60%
2009 Saw VI
60%
2023 Saw X
60%
2023 Scream VI
60%
2018 The Predator
60%
1982 The Thing
60%
2011 You’re Next
60%
1997 Alien: Resurrection
40%
1986 Aliens
40%
2007 Aliens vs. Predator: Requiem
40%
2004 Alien vs. Predator
40%
2018 A Quiet Place
40%
2019 Black Christmas (Remake)
40%
1974 Black Chritsmas
40%
2006 Black X-Mas (Remake)
40%
1998 Bride of Chucky
40%
1998 Bride of Chucky [Recount]
40%
1976 Carrie
40%
1990 Child’s Play 2
40%
1990 Child’s Play 2 [Recount]
40%
2019 Child’s Play (Remake)
40%
1983 Cujo
40%
2017 Cult of Chucky
40%
2017 Cult of Chucky [Recount]
40%
2013 Curse of Chucky
40%
2013 Curse of Chucky [Recount]
40%
1978 Dawn of the Dead
40%
1985 Day of the Dead
40%
2023 Dylan’s New Nightmare
40%
2019 Escape Room
40%
2006 Evil Bong [Capture Count]
40%
1987 Evil Dead 2: Dead by Dawn
40%
2013 Evil Dead [Requel]
40%
2023 Evil Dead Rise
40%
2000 Final Destination
40%
2003 Final Destination 2
40%
2006 Final Destination 3
40%
2011 Final Destination 5
40%
1931 Frankenstein
40%
1991 Freddy’s Dead: The Final Nightmare
40%
2007 Freddy vs. Jason vs. Ash
40%
2009 Freddy vs Jason vs Ash: The Nightmare Warriors
40%
2017 Get Out
40%
2002 Halloween: Resurrection
40%
1995 Halloween: The Curse of Michael Myers
40%
1997 I Know What You Did Last Summer
40%
1997 Jack Frost
40%
2000 Jack Frost 2: Revenge of the Mutant Killer Snowman
40%
1975 Jaws
40%
1993 Jurassic Park
40%
2001 Jurassic Park III
40%
2015 Jurassic World
40%
2022 Jurassic World: Dominion
40%
2018 Jurassic World: Fallen Kingdom
40%
1988 Killer Klowns From Outer Space
40%
1988 Killer Klowns From Outer Space [Recount]
40%
2015 Krampus [Capture Count]
40%
2017 Leatherface
40%
1993 Leprechaun
40%
1994 Leprechaun 2
40%
1995 Leprechaun 3
40%
1996 Leprechaun 4: In Space
40%
1981 My Bloody Valentine
40%
2009 My Bloody Valentine 3D
40%
2017 Never Hike Alone
40%
2023 Never Hike Alone 2
40%
2020 Never Hike in the Snow
40%
1990 New Year’s Evil
40%
1989 Pet Sematary
40%
1990 Predator 2
40%
2010 Predators
40%
2010 President’s Day
40%
2022 Prey
40%
2012 Prometheus
40%
2004 Seed of Chucky
40%
2004 Seed of Chucky [Recount]
40%
2004 Shaun of the Dead
40%
2021 Spiral: From the Book of Saw
40%
2016 Terrifier
40%
2022 Terrifier 2
40%
2007 ThanksKilling
40%
2012 ThanksKilling 3
40%
1963 The Birds
40%
2012 The Cabin in the Woods
40%
1981 The Evil Dead
40%
2009 The Final Destination
40%
1997 The Lost World: Jurassic Park
40%
2013 The Purge
40%
2014 The Purge: Anarchy
40%
1985 The Return of the Living Dead
40%
1980 The Shining
40%
2018 The Stangers: Prey at Night
40%
2008 The Strangers
40%
1974 The Texas Chain Saw Massacre
40%
2003 The Texas Chainsaw Massacre [Reboot]
40%
2011 The Thing (Prequel)
40%
2007 Trick ‘r Treat
40%
2014 Unfriended
40%
2018 Unfriended: Dark Web
40%
2019 Us
40%
1994 Wes Craven’s New Nightmare
40%
2022 X
40%
2019 3 From Hell
20%
1959 A Bucket of Blood
20%
2020 A Quiet Place: Part II
20%
1992 Army of Darkness
20%
2022 Barbarian
20%
2016 Better Watch Out
20%
2018 Bird Box
20%
1987 Blood Rage
20%
1998 Boy Meets World Season 5 Episode 17: And Then There Was Shawn
20%
1992 Candyman
20%
1999 Candyman 3: Day of the Dead
20%
2021 Candyman [Sequel]
20%
1986 Chopping Mall
20%
2014 Creep
20%
1992 Demonic Toys
20%
1931 Dracula
20%
2025 Final Destination: Bloodlines
20%
2017 Happy Death Day
20%
2019 Happy Death Day 2U
20%
1988 Hellbound: Hellraiser II
20%
1987 Hellraiser
20%
1992 Hellraiser III: Hell on Earth
20%
2018 Hereditary
20%
2020 Host
20%
2005 Hostel
20%
2003 House of 1000 Corpses
20%
1995 Ice Cream Man
20%
2006 I’ll Always Know What You Did Last Summer
20%
1998 I Still Know What You Did Last Summer
20%
2014 It Follows
20%
1990 Leatherface: The Texas Chainsaw Massacre III
20%
2003 Leprechaun: Back 2 tha’ Hood
20%
2000 Leprechaun in the Hood
20%
2014 Leprechaun: Origins
20%
2018 Leprechaun Returns
20%
2019 Midsommar
20%
1922 Nosferatu: A Symphony of Horror
20%
2009 Orphan
20%
2022 Orphan: First Kill
20%
1992 Pet Sematary Two
20%
2019 Pilgrim
20%
2008 Quarantine
20%
2019 Ready or Not
20%
2012 [•REC]3: Genesis
20%
2014 [•REC]4: Apocalypse
20%
2005 Santa’s Slay
20%
1984 Silent Night, Deadly Night
20%
1989 Silent Night, Deadly Night 3: Better Watch Out!
20%
1990 Silent Night, Deadly Night 4: Initiation
20%
1991 Silent Night, Deadly Night 5: The Toy Maker
20%
1987 Silent Night, Deadly Night: Part 2
20%
2012 Silent Night [Remake]
20%
1983 Sleepaway Camp
20%
1988 Sleepaway Camp II: Unhappy Campers
20%
1987 Slumber Party Massacre II
20%
2018 Sunny Family Cult [Season 3]
20%
2017 Sunny Family Cult [Seasons 1 & 2]
20%
1977 Suspiria
20%
2024 Terrifier 3
20%
1980 Terror Train
20%
2013 Texas Chainsaw 3D
20%
2022 Texas Chainsaw Massacre (Requel)
20%
1995 Texas Chainsaw Massacre: The Next Generation
20%
2023 Thanksgiving
20%
2017 The Babysitter
20%
2020 The Babysitter: Killer Queen
20%
2016 The Belko Experiment
20%
2005 The Devil’s Rejects
20%
2018 The First Purge
20%
2021 The Forever Purge
20%
1977 The Hills Have Eyes
20%
1933 The Invisible Man
20%
2017 The Look-See
20%
2018 The Look-See Season 2: The Second Hands
20%
2018 The Meg
20%
1932 The Mummy
20%
2016 The Purge: Election Year
20%
2022 The Quarry
20%
1999 The Rage: Carrie 2
20%
1991 The Silence of the Lambs
20%
1982 The Slumber Party Massacre
20%
2024 The Substance
20%
1986 The Texas Chainsaw Massacre: Part 2
20%
2006 The Texas Chainsaw Massacre: The Beginning
20%
2015 The Witch
20%
2001 Thirteen Ghosts
20%
2016 Train to Busan
20%
2010 Tucker & Dale vs. Evil
20%
1996 Uncle Sam
20%
2015 Until Dawn
20%
1998 Urban Legend
20%
2003 Wrong Turn
20%
2007 Wrong Turn 2: Dead End
20%
2009 Wrong Turn 3: Left for Dead
20%
2011 Wrong Turn 4: Bloody Beginnings
20%
2012 Wrong Turn 5: Bloodlines
20%
2009 Zombieland
20%
2020 12 Hour Shift
0%
2002 28 Days Later
0%
2007 28 Weeks Later
0%
1971 A Bay of Blood
0%
2024 Abigail
0%
2020 #Alive
0%
2000 American Psycho
0%
2002 American Psycho 2: All American Girl
0%
1981 An American Werewolf in London
0%
2014 As Above, So Below
0%
1982 Basket Case
0%
1990 Basket Case 2
0%
1991 Basket Case 3: The Progeny
0%
1988 Beetlejuice
0%
2006 Behind the Mask: The Rise of Leslie Vernon
0%
2019 Benny Loves You
0%
2003 Beyond Re-Animator
0%
2021 Black Friday
0%
1972 Blacula
0%
2019 Blood Quantum
0%
1981 Bloody Birthday
0%
1987 Bloody New Year
0%
2022 Bodies Bodies Bodies
0%
2001 Bones
0%
2022 Bones and All
0%
1990 Bride of Re-Animator
0%
2019 Brightburn
0%
1995 Candyman: Farewell to the Flesh
0%
2013 Carrie (Remake)
0%
2002 Carrie (TV Movie)
0%
1984 Children of the Corn
0%
1983 Christine
0%
1980 Christmas Evil
0%
2021 Chucky (Season 1)
0%
2019 Come to Daddy
0%
2014 Cooties
0%
2019 Countdown
0%
1986 Critters
0%
1988 Critters 2
0%
1991 Critters 3
0%
1992 Critters 4
0%
2019 Critters Attack!
0%
1993 Cronos
0%
2010 Danganronpa: Trigger Happy Havoc
0%
2015 Deathgasm
0%
1998 Deep Rising
0%
1990 Def by Temptation
0%
2019 Doctor Sleep
0%
2021 Don’t Breathe 2
0%
2016 Don’t Bretahe
0%
2011 Don’t Hug Me I’m Scared
0%
2015 Dude Bro Party Massacre III
0%
2023 Emesis Blue
0%
1977 Exorcist II: The Heretic
0%
2021 Fear Street Part One: 1994
0%
2021 Fear Street Part Three: 1666
0%
2021 Fear Street Part Two: 1978
0%
2025 Fear Street: Prom Queen
0%
2023 Five Nights At Freddy’s
0%
1990 Frankenhooker
0%
2020 Freaky
0%
2022 Fresh
0%
1972 Frogs
0%
1996 From Dusk Till Dawn
0%
1984 Gremlins
0%
1990 Gremlins 2: The New Batch
0%
2001 Hannibal
0%
2007 Hannibal Rising
0%
1981 Happy Birthday to Me
0%
2006 Hatchet
0%
2019 Haunt
0%
2018 Hell Fest
0%
2015 Hell House LLC
0%
2025 Hell of a Summer
0%
1987 Hello Mary Lou: Prom Night II
0%
1996 Hellraiser: Bloodline
0%
1981 Home Sweet Home
0%
2007 Hostel: Part II
0%
2011 Hostel: Part III
0%
2016 Hush
0%
1999 Idle Hands
0%
2024 Immaculate
0%
2024 In A Violent Nature
0%
2023 Influencer
0%
1989 Intruder
0%
2023 It’s A Wonderful Knife
0%
1978 Jaws 2
0%
1983 Jaws 3-D
0%
1987 Jaws: The Revenge
0%
2009 Jennifer’s Body
0%
2024 Late Night With The Devil
0%
2024 Lisa Frankenstein
0%
2015 Llamageddon
0%
2024 Longlegs
0%
2023 M3GAN
0%
2021 Malignant
0%
2018 Mandy
0%
1986 Manhunter
0%
1980 Maniac
0%
2022 Marvel’s Werewolf By Night
0%
1986 Maximum Overdrive
0%
2024 MaXXXine
0%
2017 Mayhem
0%
2017 Mordeo [Season 1]
0%
1995 | 2011 Mortal Kombat
0%
1997 Mortal Kombat: Annihilation
0%
2021 Mortal Kombat [Remake]
0%
2015 Mortal Kombat X
0%
2024 Mouthwashing
0%
2024 Mr. Crocket
0%
2022 Nope
0%
2021 Old
0%
2013 Outlast
0%
2022 Pearl
0%
2020 PG: Psycho Goreman
0%
1982 Pieces
0%
2008 Pontypool
0%
1980 Prom Night
0%
1989 Puppet Master
0%
1990 Puppet Master II
0%
2011 Quarantine 2: Terminal
0%
1985 Re-Animator
0%
2009 [•REC]2
0%
2002 Red Dragon
0%
2015 Resident Evil (HD Remaster)
0%
2008 Return to Sleepaway Camp
0%
2017 Revenge
0%
1998 Ringu
0%
2024 Sabrina Carpenter’s Taste
0%
2019 Scary Stories to Tell in the Dark
0%
1994 Serial Mom
0%
1999 Silent Hill
0%
2012 Sinister
0%
2015 Sinister 2
0%
1989 Sleepaway Camp III: Teenage Wasteland
0%
2006 Slither
0%
1988 Slugs
0%
1990 Slumber Party Massacre III
0%
2022 Smile
0%
2024 Smile 2
0%
2014 Social Mediasochist
0%
2019 Social Mediasochist II: On and On
0%
1989 Society
0%
1986 Spookies
0%
2020 Spree
0%
1989 Stepfather II
0%
2012 Stitches
0%
2016 Stranger Things (Season 1) [Part 1]
0%
2016 Stranger Things (Season 1) [Part 2]
0%
2017 Stranger Things (Season 2) [Part 1]
0%
2017 Stranger Things (Season 2) [Part 2]
0%
2019 Stranger Things (Season 3)
0%
2007 Sweeney Todd: The Demon Barber of Fleet Street
0%
1995 Tales from the Hood
0%
2018 Tales from the Hood 2
0%
2020 Tales from the Hood 3
0%
2022 Talk to Me
0%
1994 Tammy and the T-Rex
0%
2019 The Banana Splits Movie
0%
2023 The Blackening
0%
2021 The Black Phone
0%
1999 The Blair Witch Project
0%
2012 The Collection
0%
2009 The Collector
0%
1996 The Dentist
0%
1998 The Dentist 2
0%
2005 The Descent
0%
2009 The Descent: Part 2
0%
1973 The Exorcist
0%
1990 The Exorcist III
0%
2018 The Guy Who Didn’t Like Musicals
0%
2020 The Happyhills Homicide
0%
2020 The Hunt
0%
2020 The Invisible Man (Remake)
0%
2017 The Kill Count
0%
2013 The Last of Us
0%
2019 The Lighthouse
0%
1987 The Lost Boys
0%
2022 The Mean One
0%
2022 The Menu
0%
2024 The Mouse Trap
0%
1999 The Mummy (Remake)
0%
1984 The Mutilator
0%
1981 The Prowler
0%
2018 The Silver Scream
0%
1987 The Stepfather
0%
1984 The Terminator
0%
1984 The Toxic Avenger
0%
2006 The Tripper
0%
1941 The Wolf Man
0%
2010 The Wolfman
0%
2014 Too Many Cooks
0%
2023 Totally Killer
0%
1979 Tourist Trap
0%
2024 T-Pain’s DOES SHE KNOW
0%
2008 Treevenge
0%
1990 Tremors
0%
2001 Tremors 3: Back to Perfection
0%
2004 Tremors 4: The Legend Begins
0%
2015 Tremors 5: Bloodlines
0%
2018 Tremors: A Cold Day in Hell
0%
1996 Tremors II: Aftershocks
0%
2020 Tremors: Shrieker Island
0%
2018 Truth or Dare
0%
2018 Upgrade
0%
2005 Urban Legends: Bloody Mary
0%
2000 Urban Legends: Final Cut
0%
2001 Valentine
0%
2023 When Evil Lurks
0%
2021 Willy’s Wonderland
0%
2023 Winnie the Pooh: Blood and Honey
0%
2024 Winnie the Pooh: Blood and Honey 2
0%
1997 Wishmaster
0%
1999 Wishmaster 2
0%
2005 Wolf Creek
0%
2012 Would You Rather
0%
2021 Wrong Turn (Remake)
0%
2014 Wrong Turn VI: Last Resort
0%
2019 Zombieland: Double Tap
0%
No matching quizzes found
Score Distribution
Percent of People with Each Score
Percentile by Number Answered
Your Score History
You have not taken this quiz since the last reset